000
00280 a2200145 4500
001
180009
020
_a
040
_c
Magnum
100
_a
Naufer
240
1
0
_a
Joao mata-sete
_l
por
245
1
0
_a
Joao mata-sete
362
0
_a
1899
697
_a
MAGNITO: I/CONTO
942
_c
BK
999
_c
180009
_d
180009